000 00272nam a2200109Ia 4500
008 200302s9999 xx 000 0 und d
100 _aMarkus Hattstein and Other
245 _aIslam art and Architecture
260 _bTandem Verlag Gmbh
260 _c2004
300 _a623 P.,
999 _c3105
_d3105